Nursing Theories & Practices (Record no. 1053)

MARC details
000 -LEADER
Fixed length control field 00582nam a2200217Ia 4500
003 - CONTROL NUMBER IDENTIFIER
Control field IIN
005 - DATE AND TIME OF LATEST TRANSACTION
Control field 20240208165541.0
008 - FIXED-LENGTH DATA ELEMENTS--GENERAL INFORMATION
Fixed length control field 231217s9999 xx 000 0 und d
020 ## - INTERNATIONAL STANDARD BOOK NUMBER / ISBN
Price Rs.350.00
International Standard Book Number Nil
040 ## - CATALOGING SOURCE
Original cataloging agency IIN
Language of cataloging English
082 ## - DEWEY DECIMAL CLASSIFICATION NUMBER
Classification number 610.73069
Book Number WBN
110 1# - AIN ENTRY--CORPORATE NAME
Corporate name West Bengal Nursing Council
245 1# - TITLE STATEMENT
Title Nursing Theories & Practices
Statement of responsibility West Bengal Nursing Council
250 ## - EDITION STATEMENT
Edition statement 4th ed
260 ## - IMPRINT
Name of publisher WBNC,
Place of publication Kolkata;
Date of publication 2019
300 ## - PHYSICAL DESCRIPTION
Page / Vol. No viii [5], 720p.
440 ## - SERIES STATEMENT
Number Vol.1
650 1# - SUBJECT ADDED ENTRY--TOPICAL TERM
Topical term Foundation
Form subdivision Nursing
650 1# - SUBJECT ADDED ENTRY--TOPICAL TERM
Topical term Theories & Practices
Form subdivision Nursing
942 ## - ADDED ENTRY ELEMENTS (KOHA)
Koha item type Books
Holdings
Withdrawn status Lost status Damaged status Not for loan Collection code Home library Current library Date acquired Price Total Checkouts Call number Accession number Date last seen Copy number Price effective from Koha item type Source of classification
          IDEAL INSTITUTE OF NURSING IDEAL INSTITUTE OF NURSING 17/12/2023 350.00   610.73069 WBN 1047 17/12/2023 Vol.1 17/12/2023 Books  
          IDEAL INSTITUTE OF NURSING IDEAL INSTITUTE OF NURSING 17/12/2023 350.00   610.73069 WBN 1048 17/12/2023 vol.1 17/12/2023 Books Dewey Decimal Classification
          IDEAL INSTITUTE OF NURSING IDEAL INSTITUTE OF NURSING 15/06/2024     610.73069 WBN 1641 15/06/2024 vol.1 15/06/2024 Books Dewey Decimal Classification
          IDEAL INSTITUTE OF NURSING IDEAL INSTITUTE OF NURSING 15/06/2024     610.73069 WBN 1642 15/06/2024 vol.1 15/06/2024 Books Dewey Decimal Classification
© Ideal Institute Of Nursing, All rights reserved.         Powered by Koha